CHINA S CHANGING POLITICAL LANDSCAPE PRO (Record no. 10796)

MARC details
000 -LEADER
fixed length control field 00368nam a2200133Ia 4500
008 - FIXED-LENGTH DATA ELEMENTS--GENERAL INFORMATION
fixed length control field 240624s9999 xx 000 0 und d
041 ## - LANGUAGE CODE
Language code of text/sound track or separate title eng
082 ## - DEWEY DECIMAL CLASSIFICATION NUMBER
Classification number 320.951 LI
100 ## - MAIN ENTRY--PERSONAL NAME
Personal name LI CHENG
245 ## - TITLE STATEMENT
Title CHINA S CHANGING POLITICAL LANDSCAPE PRO
260 ## - PUBLICATION, DISTRIBUTION, ETC.
Date of publication, distribution, etc. 2008
Place of publication, distribution, etc. Washington
Name of publisher, distributor, etc. Brookings Institutions Press
300 ## - PHYSICAL DESCRIPTION
Extent xiii, : 342 : p. : cm. ; 23
365 ## - TRADE PRICE
Currency code BPS
Price amount 25
Holdings
Withdrawn status Lost status Damaged status Not for loan Home library Current library Shelving location Date acquired Source of acquisition Cost, normal purchase price Total Holds Full call number Barcode Date last seen Copy number Price effective from Koha item type
        IMTN IMTN Rack 5-B 10/06/2008 AP 17.99 1280 320.951 LI 10796 06/24/2024 90 06/24/2024 Books
Designed & Maintained by: LRC IMT Nagpur Contact: lrc@imtnag.ac.in© 2024. All Rights Reserved.